000 00921nam a22002417a 4500
999 _c7793
_d7793
003 AR-CdUCM
008 190321b ||||| |||| 00| 0 spa d
040 _aMUNICIPALIDAD PROVINCIAL DEL CUSCO
_cBIBLIOTECA MUNICIPAL DEL CUSCO
041 _heng
082 _a551.4 /
_bF52
100 _aFinch, Vernor C.
_922023
245 _aGeografía Física /
260 _aMéxico :
_bFondo de Cultura Económica ;
_c1949.
300 _a655 páginas ;
_bFotografías, mapas, ilustraciones
_c23cm
_eMapas
505 _aContenido: Elementos del tiempo y clima -- Tipos de clima y su distribución -- Procesos relacionados con el origen de la morfología -- Recursos de la tierra -- Morfología
650 _aTierra
_9337
650 _aGeografía física
_97620
650 _aClimas
_922024
700 _aTrewartha, Glenn T.
_922025
700 _aRived, Francisco (traducción)
_922026
942 _2ddc
_cLIBROS
945 _anom